Introduction critique á la science economique / (Record no. 58525)

MARC details
000 -LEADER
campo de control de longitud fija 00701nam a2200205 i 4500
001 - NÚMERO DE CONTROL
campo de control 58525
003 - IDENTIFICADOR DE NÚMERO DE CONTROL
campo de control ES-MaACL
005 - FECHA Y HORA DE LA ÚLTIMA TRANSACCIÓN
campo de control 20250721062607.0
007 - CAMPO FIJO DE DESCRIPCIÓN FÍSICA--INFORMACIÓN GENERAL
campo de control de longitud fija t|
008 - DATOS DE LONGITUD FIJA--INFORMACIÓN GENERAL
campo de control de longitud fija 031022s1947 be ||||1| fre d
100 1# - ENTRADA PRINCIPAL--NOMBRE DE PERSONA
Nombre de persona Dykmans, G.
9 (RLIN) 46416
245 10 - MENCIÓN DEL TÍTULO
Título Introduction critique á la science economique /
Mención de responsabilidad, etc. G. Dykmans.
260 ## - PUBLICACIÓN, DISTRIBUCIÓN, ETC.
Lugar de publicación, distribución, etc. Bruxelles :
Nombre del editor, distribuidor, etc. Les editions comptables, commerciales et financières,
Fecha de publicación, distribución, etc. 1947 (
Fabricante Casterman)
300 ## - DESCRIPCIÓN FÍSICA
Extensión 2 v. ;
Dimensiones 25 cm.
490 1# - MENCIÓN DE SERIE
Mención de serie Bibliothèque générale des sciences économiques
650 07 - PUNTO DE ACCESO ADICIONAL DE MATERIA--TÉRMINO DE MATERIA
Término de materia o nombre geográfico como elemento de entrada Economía
Fuente del encabezamiento o término embne
9 (RLIN) 12006
830 0# - PUNTO DE ACCESO ADICIONAL DE SERIE-TÍTULO UNIFORME
Título uniforme Bibliothèque générale des sciences économiques
9 (RLIN) 182647
852 ## - LOCALIZACIÓN
Ubicación ES-MaACL
Número de control de estantería E-3291-92
Sublocalización o colección R.24443
Holdings
Estatus retirado Estado de pérdida Estado de daño No para préstamo Biblioteca de origen Biblioteca actual Ubicación en estantería Fecha de adquisición Fuente de adquisición Total de préstamos Signatura topográfica completa Código de barras Visto por última vez Precio de reemplazo Tipo de ítem Koha
        Biblioteca del Ateneo de Madrid Biblioteca del Ateneo de Madrid Depósito 2 17/01/2008     E-3291-92 1061406 23/02/2023 23/02/2023 Libro impreso